Liderazgo compartido. Buenas prácticas de dirección escolar.
Saved in:
| Hovedforfatter: | |
|---|---|
| Format: | Ukendt |
| Sprog: | engelsk |
| Udgivet: |
Madrid, España:
Wolters Kluwer,
2010.
|
| Fag: | |
| Tags: |
Tilføj Tag
Ingen Tags, Vær først til at tagge denne postø!
|
MARC
| LEADER | 00000 a2200000 4500 | ||
|---|---|---|---|
| 003 | CL-VaPUC | ||
| 005 | 20230424104058.0 | ||
| 008 | 230403t2010 ||||| |||| 00| 0 eng d | ||
| 999 | |c 439486 |d 439484 | ||
| 020 | |a 978-84-7197-929-2 | ||
| 040 | |c Pontificia Universidad Católica de Valparaíso | ||
| 082 | |2 22 |a 371.2011 ALV 2010 | ||
| 100 | |a Álvarez Fernández, Manuel |9 878689 |e autor | ||
| 245 | |a Liderazgo compartido. |b Buenas prácticas de dirección escolar. | ||
| 260 | |a Madrid, España: |b Wolters Kluwer, |c 2010. | ||
| 300 | |a 222 páginas. | ||
| 583 | |k GC |c 20230403 | ||
| 650 | 0 | |9 271835 |a Liderazgo |x Alcances y tipologías |x Educación | |
| 650 | 0 | |9 271835 |a Liderazgo |v Pensamiento estratégico |x Dirección administrativa |x Comunidad escolar | |
| 650 | 0 | |9 590463 |a Dirección escolar |x Liderazgo profesional |x Gestión y administración | |
| 942 | |2 ddc |c BK | ||
| 952 | |0 0 |1 0 |2 ddc |4 0 |6 371_201100000000000_ALV_2010 |7 0 |8 A |9 589389 |a FDOPOS |b FDOPOS |c S_PSTGRDO |d 2023-03-31 |e 3 |g 27881.00 |i 5656936 |o 371.2011 ALV 2010 |p 5656936 |r 2025-01-22 |t 1 |v 27881.00 |w 2023-03-31 |y BK |k MLG | ||